[Event "Mittelrhein Verbandsliga-W 18/19"]
[Site "Nordrheinwestfalen"]
[Date "2018.12.16"]
[Round "5.2"]
[White "Meissner, Thomas"]
[Black "Vladimirow, Anguel"]
[Result "1-0"]
[WhiteElo "1953"]
[BlackElo "1774"]
[PlyCount "83"]
[EventDate "2018.09.02"]
[EventType "team-tourn"]
[EventRounds "11"]
[EventCountry "GER"]
[SourceTitle "EXT 2022"]
[Source "ChessBase"]
[SourceDate "2021.10.06"]
[SourceVersion "1"]
[SourceVersionDate "2021.10.06"]
[SourceQuality "1"]
[WhiteTeam "Brand SF"]
[BlackTeam "Bruehl III"]
[WhiteTeamCountry "GER"]
[BlackTeamCountry "GER"]

1. d4 f5 2. c4 c5 3. e3 e6 4. Nc3 Nf6 5. Nf3 Be7 6. d5 Ne4 7. Nxe4 fxe4 8. Nd2 Qa5 9. Qc2 0-0 10. Qxe4 Bf6 11. Qc2 d6 12. Bd3 g6 13. dxe6 Nc6 14. Qd1 Ne5 15. Be2 Bxe6 16. 0-0 Rad8 17. f4 Nc6 18. Bf3 Qb6 19. Bd5 Bxd5 20. cxd5 Na5 21. Kh1 Qc7 22. Rb1 c4 23. Ne4 b5 24. Bd2 h6 25. Qg4 Kh7 26. f5 g5 27. Qh5 Qf7 28. Qxf7+ Rxf7 29. Bxa5 Rdd7 30. Nxf6+ Rxf6 31. e4 g4 32. Rbe1 Rf8 33. Bc3 a5 34. a3 Ra8 35. Rf4 h5 36. f6 Kg6 37. h3 g3 38. Re3 Kg5 39. Ref3 Rf7 40. Rf5+ Kh6 41. Bd2+ Kh7 42. Rxh5+ 1-0

[Event "Mittelrhein Verbandsliga-W 18/19"]
[Site "Nordrheinwestfalen"]
[Date "2018.09.30"]
[Round "2.3"]
[White "Bergmann, Thomas"]
[Black "Vladimirow, Anguel"]
[Result "0-1"]
[WhiteElo "1827"]
[BlackElo "1774"]
[PlyCount "76"]
[EventDate "2018.09.02"]
[EventType "team-tourn"]
[EventRounds "11"]
[EventCountry "GER"]
[SourceTitle "EXT 2022"]
[Source "ChessBase"]
[SourceDate "2021.10.06"]
[SourceVersion "1"]
[SourceVersionDate "2021.10.06"]
[SourceQuality "1"]
[WhiteTeam "Bergheim"]
[BlackTeam "Bruehl III"]
[WhiteTeamCountry "GER"]
[BlackTeamCountry "GER"]

1. b3 f5 2. Bb2 d6 3. f4 h5 4. e3 Nf6 5. Nf3 Be6 6. Nd4 Bd7 7. Bd3 e6 8. Qe2 Nc6 9. Nf3 Nb4 10. Nc3 Nxd3+ 11. Qxd3 Bc6 12. Qe2 Bxf3 13. Qxf3 c6 14. 0-0 Qc7 15. d3 h4 16. e4 Be7 17. Rae1 0-0-0 18. Re2 Qb6+ 19. Kh1 Nh5 20. Re3 Bf6 21. Na4 Qc7 22. Bxf6 gxf6 23. Rfe1 fxe4 24. dxe4 Qg7 25. Rd3 Qh6 26. f5 e5 27. Qe3 Qxe3 28. Rexe3 b6 29. c4 d5 30. cxd5 cxd5 31. exd5 Nf4 32. Rd1 Rxd5 33. Rc1+ Kb7 34. g3 hxg3 35. Rxg3 Rh7 36. Nc3 Rd2 37. Ne4 Rdxh2+ 38. Kg1 Ne2+ 0-1

[Event "Mittelrhein Verbandsliga-W 17/18"]
[Site "Nordrheinwestfalen"]
[Date "2018.05.06"]
[Round "11.3"]
[White "Juelich, Thomas"]
[Black "Vladimirow, Anguel"]
[Result "1-0"]
[WhiteElo "1919"]
[BlackElo "1806"]
[PlyCount "135"]
[EventDate "2017.09.10"]
[EventType "team-tourn"]
[EventRounds "11"]
[EventCountry "GER"]
[SourceTitle "EXT 2022"]
[Source "ChessBase"]
[SourceDate "2021.10.06"]
[SourceVersion "1"]
[SourceVersionDate "2021.10.06"]
[SourceQuality "1"]
[WhiteTeam "Pulheim"]
[BlackTeam "Bruehl III"]
[WhiteTeamCountry "GER"]
[BlackTeamCountry "GER"]

1. e4 d5 2. exd5 Qxd5 3. Nc3 Qe5+ 4. Qe2 Qxe2+ 5. Bxe2 c6 6. Nf3 Bf5 7. d3 Nd7 8. Nh4 Be6 9. Bd2 f6 10. f4 g6 11. 0-0-0 Nh6 12. g3 Bg4 13. Rde1 Bxe2 14. Rxe2 Kf7 15. Rf1 Nf5 16. Nf3 h5 17. Ne4 b6 18. Bc3 Rh7 19. h3 Bh6 20. Nd4 Nxd4 21. Bxd4 Kg8 22. Kb1 Rf7 23. f5 g5 24. Nc3 Rd8 25. Rfe1 Bf8 26. Nd1 Nb8 27. Bc3 Na6 28. b3 Nc7 29. Bb2 Kg7 30. Ne3 Nd5 31. Nxd5 Rxd5 32. g4 c5 33. Re6 Kg8 34. Kc1 hxg4 35. hxg4 Rh7 36. Kd2 Rh3 37. a4 Kf7 38. R6e4 Rh2+ 39. R1e2 Rxe2+ 40. Rxe2 e5 41. fxe6+ Ke7 42. c4 Rd6 43. d4 Rxe6 44. Rxe6+ Kxe6 45. d5+ Kf7 46. Ke3 Bd6 47. Ke4 Kg6 48. Bc3 a5 49. Be1 Bc7 50. Kf3 f5 51. gxf5+ Kxf5 52. Bg3 g4+ 53. Kf2 Bd8 54. Bb8 Bh4+ 55. Bg3 Bd8 56. Ke3 Bg5+ 57. Ke2 Bd8 58. Kd3 Kg6 59. Ke4 Kh5 60. Kf5 Kh6 61. Ke6 Kg6 62. Kd7 Bf6 63. Kc7 Kf5 64. Kxb6 Bd8+ 65. Kxc5 Ke4 66. Kc6 Kd3 67. c5 Kc2 68. Kd7 1-0

[Event "Verbandsliga Mittelrhein-Ost 1213"]
[Site "Germany"]
[Date "2012.09.09"]
[Round "1.5"]
[White "Vladimirow, Anguel"]
[Black "Herzwurm, Robert"]
[Result "0-1"]
[WhiteElo "1906"]
[BlackElo "2017"]
[PlyCount "50"]
[EventDate "2012.09.09"]
[EventType "team"]
[EventRounds "11"]
[EventCountry "GER"]
[SourceTitle "EXT 2015"]
[Source "ChessBase"]
[SourceDate "2014.11.20"]
[SourceVersion "1"]
[SourceVersionDate "2014.11.20"]
[SourceQuality "1"]
[WhiteTeam "Bruehl II"]
[BlackTeam "Euskirchen Turm"]
[WhiteTeamCountry "GER"]
[BlackTeamCountry "GER"]

1. f4 d5 2. c4 e6 3. Nf3 Nf6 4. Nc3 d4 5. Nb5 c5 6. Qa4 Nc6 7. Ne5 Bd7 8. Nxd7 Nxd7 9. e4 a6 10. Na3 g5 11. d3 gxf4 12. Bxf4 Bh6 13. Bxh6 Qh4+ 14. g3 Qxh6 15. Qc2 Nde5 16. Be2 Qe3 17. Rd1 Nb4 18. Qb3 f5 19. Nc2 Nxc2+ 20. Qxc2 fxe4 21. dxe4 0-0 22. Rf1 Rxf1+ 23. Kxf1 Rf8+ 24. Kg2 Rf2+ 25. Kh1 Nf3 0-1